00591cam a22001813a 450000100060000000300060000600500170001200800410002904000150007004200070008510000180009224501490011026000290025950600300028851600200031883000290033885600420036739286PGUSA20140828083855.0120328s2012||||xxu|||||s|||||000 | eng d aPGUSAbeng adc1 aHoward, Frank10aColour as a Means of Art :bBeing an Adaption of the Experience of Professors to the Practice of Amaturesh[electronic resource] /cFrank Howard bProject Gutenberg,c2012 aPublic domain in the USA. aElectronic text 0aProject Gutenbergv3928640uhttp://www.gutenberg.org/ebooks/39286